| 000 | 00799cam a2200229 4500 | ||
|---|---|---|---|
| 001 | ABS61989 | ||
| 008 | 000000n2000 000 0 eng u | ||
| 035 | _a(Sirsi) u104441 | ||
| 100 | _aLowe, M. | ||
| 245 | _aBritain's Regional Shopping Centres: New Urban Forms? | ||
| 260 | _c2000 | ||
| 490 |
_aUrban Studies _v37(2) February 2000 261-274(8) |
||
| 520 | _aDescribes attempts to represent Britain's regional shopping centres as the core of new towns. The author urges that these new forms are taken seriously. References | ||
| 590 | _aABS | ||
| 650 | _aRETAIL PROPERTY | ||
| 650 | _aURBAN PLANNING | ||
| 650 | _aSHOPPING CENTRES | ||
| 650 | _aNEW TOWNS | ||
| 650 | _aREGIONAL SHOPPING CENTRES | ||
| 690 | _aENVIRONMENTAL AND LAND CONSULTANCY-PLANNING AND DEVELOPMENT | ||
| 942 | _n0 | ||
| 999 |
_c62660 _d62660 |
||